E-commerce / (Record no. 165551)

MARC details
000 -LEADER
fixed length control field 00534nam a22001697a 4500
005 - DATE AND TIME OF LATEST TRANSACTION
control field 20190621155010.0
010 ## - LCCN (DPL NO)
LC control number ENG-125710
020 ## - INTERNATIONAL STANDARD BOOK NUMBER
International Standard Book Number 9789383848263
Terms of availability 295.00
035 ## - SYSTEM CONTROL NUMBER
System control number EN-109242
037 ## - SOURCE OF ACQUISITION
Source of stock number/acquisition DBAD/PUB
082 ## - DEWEY DECIMAL CLASSIFICATION NUMBER
Classification number 381.142
245 ## - TITLE STATEMENT
Title E-commerce /
Statement of responsibility, etc ed.by Shruti Mathur
260 ## - PUBLICATION, DISTRIBUTION, ETC. (IMPRINT)
Place of publication, distribution, etc New Delhi
Name of publisher, distributor, etc Pinnacle Learning
Date of publication, distribution, etc 2016
270 ## - ADDRESS
Address 24, D.D.A. Shopping Complex
City Ber Sarai, New Delhi
Postal code 110016
Telephone number 9811592500
Electronic mail address pinnaclebooks1@gmail.com
300 ## - PHYSICAL DESCRIPTION
Extent 262p..
Dimensions 24cm(pbk)
942 ## - ADDED ENTRY ELEMENTS (KOHA)
Source of classification or shelving scheme Dewey Decimal Classification
Item type English Books
Classification part 381.140
Call number suffix ECO
Holdings
Withdrawn status Lost status Not for loan Collection code Home library Current library Date acquired Source of acquisition Cost, normal purchase price Full call number Barcode Copy number Cost, replacement price Koha item type
      Non-fiction D.B.Act.Division Mobile Library 21/06/2019 DBAD/PUB 295.00 381.140 ECO EN-109242 1 295.00 English Books

© Delhi Public Library
Hit Counter
free hit counter